1952 1154 1519 1419 1346 1141 1404 1912 1666 1200 1551 1480 1948 1168 1059 1305 1051 1624 1630 1065 1119 1893 1317 1319 1556 1181 1959 1869 1754 1629 1171 1825 1394 1793 1491 1000 1064 1133 1698 1365 1972 1361 1208 1838 1266 1775 1401 1661 1047 1820 1312 1147 1714 1760 1733 1666 1671 1636 1257 1841 1940 1962 1213 1136 1077 1799 1776 1768 1226 1902 1652 1665 1595 1201 1773 1375 1657 1054 1960 1131 1145 1427 1876 1410 1722 1061 1879 1696 1026 1325 1939 1512 1037 1465 1757 1035 1525 1823 1657 BCNSPRNW ULIB Ver.6.0+V

เปลี่ยนเป็นภาษาไทย

Change to English
 แสดงรายละเอียดบรรณานุกรม
  กลับหน้าหลัก

Brief Record : Get Marc (ISO 2709) : E-mail record : QR code < ปิดหน้าต่าง
LEADER : 00000nam 2200000uu 4500
001    13399113214
003     ULIB
008    111003s2544||||th 000 0 tha d
020    9745885401 (ล.1)
050  4 QA278.7^bด437ก ล.1 2544
100 0  ดุสิต สุจิรารัตน์
245 10 การวิเคราะห์ข้อมูลด้วยโปรแกรม SPSS for WINDOWS /^cดุสิต สุจิรารัตน์
250    พิมพ์ครั้งที่ 3 (ฉบับปรับปรุงใหม่ครั้งที่ 2)
260    กรุงเทพฯ :^bภาควิชาระบาดวิทยา คณะสาธารณสุขศาสตร์ มหาวิทยาลัยมหิดล,^c2544
300    2 ล. :^bภาพประกอบ ;^c30 ซม. +^eดิสเกตต์ 1 แผ่น
650  4 เอสพีเอสเอส (โปรแกรมคอมพิวเตอร์)
650  4 เอสพีเอสเอสสำหรับวินโดวส์
710 2  มหาวิทยาลัยมหิดล. ^bคณะสาธารณสุขศาสตร์.^bภาควิชาระบาดวิทยา
945    ^p0^l0^i013641
945    ^p0^l0^i013642
945    ^p0^l0^i013643
995    ทศพร
999 ^a ทศพร
รายการนี้ยังไม่มีแท็ก
คุณยังไม่ได้ล็อกอิน คุณสามารถมีกิจกรรมร่วมกับเว็บไซต์ได้ แต่ต้องล็อกอินก่อน ::
  ล็อกอิน

รายการสื่อสารสนเทศ

ลำดับที่ ประเภท เลขเรียก/บาร์โค้ด สถานที่ สถานะ
- ไม่พบข้อมูล -

รายการใกล้เคียง
    ผู้แต่ง [ดุสิต สุจิรารัตน์]

    หัวเรื่อง [เอสพีเอสเอส (โปรแกรมคอมพิวเตอร์)]
    หัวเรื่อง [เอสพีเอสเอสสำหรับวินโดวส์]

BibComment


ยังไม่เคยถูกคอมเมนท์

คอมเมนท์ทรัพยากรรายการนี้
  คอมเมนท์: การวิเคราะห์ข้อมู..


 Copyright 2026. Bcnsprnw @Library